| 000 | 00670nam a2200241 a 4500 | ||
|---|---|---|---|
| 001 | 14176 | ||
| 003 | BD-JhCC | ||
| 005 | 20250208125152.0 | ||
| 008 | 250208b2012 e a|||| ||a| 001 0 eng d | ||
| 020 | _a9781568363912 | ||
| 035 | _a(BD-JhCC)14176 | ||
| 040 |
_aBD-JhCC _dBD-JhCC |
||
| 041 | _aenglish | ||
| 082 |
_a823.9 _bKUR 2012 |
||
| 100 | _aKuroyanagi,Tetsuko | ||
| 245 |
_aTotto-Chan : _bThe Little Girl at the Window / _cTetsuko Kuroyanagi,Dorothy Britton. |
||
| 260 |
_a London: _bKodansha; _c 2012. |
||
| 300 |
_a196 p. : _bill; _c20 cm. |
||
| 651 |
_aHistorical fiction _zEnglish Novel |
||
| 700 | _a Britton,Dorothy | ||
| 942 |
_2ddc _cBK |
||
| 999 |
_c14176 _d14176 |
||